| 000 | nam a22 7a 4500 | ||
|---|---|---|---|
| 999 |
_c128391 _d128391 |
||
| 008 | 181015b xxu||||| |||| 00| 0 eng d | ||
| 050 | _aBT821.2 .M386 | ||
| 100 |
_aMartini, Cadinal Carlo Maria _942955 |
||
| 245 |
_aI believe in eternal life _c/by Cdinal Carlo Maria Martini |
||
| 260 |
_aItaly: _bEdizioni san paolo, _c2012. |
||
| 300 |
_a158p.; _c18cm. |
||
| 650 |
_aImmorality _929733 |
||
| 942 |
_2lcc _cMONOGRAPH |
||